Statistics for Splatoon 1-3 Quiz

Click here to take the quiz!

General Stats

  • This quiz has been taken 29 times
  • The average score is 20 of 25

Answer Stats

HintAnswer% Correct
What Agent Are You In Splatoon 1?Agent 3
100%
What Agent Are You In Splatoon 2?Agent 4
100%
How Many "Thangs" Do You Need To Get To The "Promised Land"?4
96%
Who Is A Drone In Side Order?Pearl
96%
What Is The Inkling Idol's Name?Pearl
96%
How Many "Portals" Are There In The First Boss Fight?3
93%
Who Is Agent 1? (Main Name)Callie
93%
Who Is With The Final Boss?Callie
93%
Who Is The Final Boss In Splatoon 2?DJ Octavio
93%
Who Is The Final Boss In Splatoon 1?DJ Octavio
93%
Who Is Agent 2? (Main Name)Marie
93%
What Is The Octoling Idol's Name?Marina
93%
What Agent Are You In Splatoon 3? (Start With New)New Agent 3
93%
What Are The Main Enemies In Splatoon 1?Octarians
89%
Who Is The Final Boss For Splatoon 3?Mr. Grizz
85%
Who Can Eat Fuzzy Ooze?Smallfry
78%
Who Is The Leader Of The Deep Sea Metro?CQ Cumber
70%
Who Is The Final Boss Of Octo Expansion?Commander Tartar
67%
What Is The Reward For Beating Splatoon 3? (Weapon)Hero Shot Replica
63%
Who Do You Wake Up With? (Octo Expansion)Captain Cuttlefish
59%
What Is The Reward Of Beating Octo Expansion? (Weapon)Octo Shot Replica
59%
Who Is The Final Boss Of Side Order?Overlorder
59%
Who Is Agent 3 Now?Captain 3
56%
What Are The Main Enemies In Side Order?Jelletons
56%
What Is The First Weapon You Get In Side Order?Order Dualies
56%

Score Distribution

Percentile by Number Answered

Percent of People with Each Score

Your Score History

You have not taken this quiz